000 00514nam a2200181Ia 4500
999 _c27960
_d27960
003 OSt
005 20201230092729.0
008 190216s9999||||xx |||||||||||||| ||und||
020 _a8187474327
040 _coclc
082 _a894.812301
_bKAK/T
100 _aKakkattil, Akbar
_96409
245 0 _aTheranjedutha Kathakal /
_cAkbar Kakkattil
260 _bOlive Publications,
_aCalicut:
300 _a815p
650 _aKathakal
942 _cBK
_2ddc
_h894.812301
_iKAK/T
_k894.812301
_mKAK/T